000 00335pab a2200157 454500
008 180718b2013 xxu||||| |||| 00| 0 eng d
100 _aVasudevan, Vandana
245 _aDifferently alike
260 _c2013
300 _ap.51-53.
362 _aJul
650 _aConsumers
773 _aSeminar
908 _aN
909 _a101117
999 _c101116
_d101116